000
00231nam a2200097Ia 4500
001
791302
005
20250826170607.0
008
250824s9999 xx 000 0 und d
245
0
_a
FAREWELL
_c
AYŞE KULİN
260
_b
EVEREST YAYINLARI
999
_c
791302
_d
791302